Жизненный опыт личности

গ্রন্থ-পঞ্জীর বিবরন
প্রধান লেখক: Корнеев П. В. Петр Владимирович
ভাষা:রুশ
প্রকাশিত: Москва, Политиздат, 1985
মালা:Философская библиотечка для юношества
বিষয়গুলি:
বিন্যাস: গ্রন্থ
KOHA link:https://koha.lib.tpu.ru/cgi-bin/koha/opac-detail.pl?biblionumber=274667

MARC

LEADER 00000nam0a2200000 4500
001 274667
005 20231101234742.0
020 |a RU  |b 85-100659 
035 |a (RuTPU)RU\TPU\book\297877 
090 |a 274667 
100 |a 20141107d1985 km y0rusy5003 ca 
101 0 |a rus 
102 |a RU 
105 |a a z 000zy 
200 1 |a Жизненный опыт личности  |f П. В. Корнеев 
210 |a Москва  |c Политиздат  |d 1985 
215 |a 128 с.  |c ил. 
225 1 |a Философская библиотечка для юношества 
606 1 |a Личность  |x Формирование  |x Социальная философия  |2 stltpush  |3 (RuTPU)RU\TPU\subj\40533  |9 60379 
610 1 |a смысл жизни 
610 1 |a опыт 
610 1 |a мораль 
610 1 |a человек 
610 1 |a философские проблемы 
686 |a Ю612.3  |2 rubbk 
700 1 |a Корнеев  |b П. В.  |g Петр Владимирович 
801 0 |a RU  |b RuMRKP  |c 19950704  |g psbo 
801 1 |a RU  |b 63413507  |c 20141107 
801 2 |a RU  |b 63413507  |c 20150723  |g RCR 
942 |c BK